00385nam a2200145Ia 4500008004100000082001100041082000800052245002600060245001300086260001300099300000900112942000800121999001900129952009100148231017s9999 xx 000 0 und d a627.04 bWAT 0aWater wave mechanics  0cEM-110-2 bEM-110-2 c30cm cREP c606447d606447 00104070aNITbNITd2023-10-17l0o627.04 WATpNIT-2812r2023-10-17w2023-10-17yREP